Stations Served by West Midlands Trains - Statistics

General Stats
  • This quiz has been taken 93 times
    83 since last reset
  • The average score is 75 of 202
Answer Stats
Answer % Correct
Hampton-in-Arden
89%
Birmingham New Street
85%
Coventry
85%
Wolverhampton
81%
Walsall
74%
Birmingham Moor Street
72%
London Euston
72%
Shrewsbury
72%
Birmingham International
70%
Birmingham Snow Hill
70%
Rugby
70%
Solihull
70%
Watford Junction
68%
Crewe
66%
Lichfield Trent Valley
66%
Milton Keynes Central
66%
Northampton
66%
Stourbridge Junction
66%
Hereford
64%
Nuneaton
64%
Redditch
64%
Smethwick Galton Bridge
64%
Stafford
64%
Stoke-on-Trent
64%
Tamworth
64%
Telford Central
64%
Aston
62%
Five Ways
62%
Leamington Spa
62%
Sandwell and Dudley
62%
Tile Hill
62%
Worcester Foregate Street
62%
Worcester Shrub Hill
62%
Birmingham University Station
60%
Bromsgrove
60%
Kidderminster
60%
Liverpool Lime Street
60%
Longbridge
57%
Rugeley Trent Valley
57%
Bletchley
55%
Lichfield City
55%
Selly Oak
55%
Stourbridge Town
55%
Stratford-upon-Avon
55%
Smethwick Rolfe Street
53%
Sutton Coldfield
53%
Warwick
53%
Cannock
51%
Dudley Port
51%
Tame Bridge Parkway
51%
Bournville
49%
Great Malvern
49%
Malvern Link
49%
Northfield
49%
Canley
47%
Chester
47%
Jewellery Quarter
47%
Ledbury
47%
Runcorn
47%
Shifnal
47%
Wolverton
47%
Bescot Stadium
45%
Coventry Arena
45%
Dorridge
45%
Kings Norton
45%
Long Buckby
45%
Rugely Town
45%
Stone
45%
The Hawthorns
45%
Tring
45%
Four Oaks
43%
Liverpool South Parkway
43%
The Lakes
43%
Tipton
43%
Warwick Parkway
43%
Acocks Green
40%
Codsall
40%
Duddeston
40%
Harrow and Wealdstone
40%
Hemel Hempstead
40%
Leighton Buzzard
40%
Marston Green
40%
Penkridge
40%
Adderley Park
38%
Albrighton
38%
Alvechurch
38%
Bordesley
38%
Bushey
38%
Coseley
38%
Cosford
38%
Erdington
38%
Hall Green
38%
Hednesford
38%
Oakengates
38%
Old Hill
38%
Stechford
38%
Tyseley
38%
Wellington
38%
Wembley Central
38%
Bedford
36%
Cradley Heath
36%
Droitwich Spa
36%
Lea Hall
36%
Whitlocks End
36%
Barnt Green
34%
Bedworth
34%
Kidsgrove
34%
Rowley Regis
34%
Witton
34%
Acton Bridge
32%
Alsager
32%
Blakedown
32%
Bloxwich
32%
Cheddington
32%
Hagley
32%
Hamstead
32%
Kings Langley
32%
Lye
32%
Olton
32%
Perry Barr
32%
Wylde Green
32%
Atherstone
30%
Colwall
30%
Gravelly Hill
30%
Shenstone
30%
Shirley
30%
Small Heath
30%
St. Albans Abbey
30%
Winsford
30%
Wythall
30%
Apsley
28%
Berkhamsted
28%
Berkswell
28%
Bilbrook
28%
Stratford-upon-Avon Parkway
28%
Yardley Wood
28%
Bedford St. Johns
26%
Blake Street
26%
Bloxwich North
26%
Butlers Lane
26%
Chester Road
26%
Earlswood
26%
Henley-in-Arden
26%
Polesworth
26%
Widney Manor
26%
Bermuda Park
23%
Kenilworth
23%
Langley Green
23%
Spring Road
23%
Bearley
21%
Claverdon
21%
Coleshill Parkway
21%
Danzey
21%
Hartford
21%
Hartlebury
21%
Hatton
21%
Watford North
21%
Wilmcote
21%
Wootton Wawen
21%
Bow Brickhill
19%
Landywood
19%
Lapworth
19%
Wood End
19%
Aspley Guise
17%
Garston
17%
Millbrook
17%
Park Street
17%
Water Orton
17%
Wilnecote
17%
Woburn Sands
17%
Blackpool North
15%
Bricket Wood
15%
Fenny Stratford
15%
How Wood
15%
Kempston Hardwick
15%
Preston
15%
Warrington Bank Quay
15%
Bangor
13%
Wigan North Western
13%
Carlisle
11%
Ridgmont
11%
Stewartby
11%
Barlaston
9%
Glasgow Central
9%
Lidlington
9%
Oxenholme Lake District
9%
Penrith
9%
Wedgwood
9%
Wrexham General
9%
Colwyn Bay
6%
Holyhead
6%
Lancaster
6%
Norton Bridge
6%
Rhyl
6%
Flint
2%
Kirkham and Wesham
2%
Llandudno Junction
2%
Lockerbie
2%
Poulton-le-Fylde
2%
Prestatyn
2%
Wilmslow
2%
No matching quizzes found
Score Distribution
Percent of People with Each Score
Percentile by Number Answered
Your Score History
You have not taken this quiz since the last reset